01486nam a2200265Ia 450000500170000000800390001702000310005608200180008710000330010524500820013825000220022030000850024250503370032765000370066465000490070165000500075065000370080065000380083774001920087526400300106733600270109733700330112433800280115704000350118520220317000607.0160601s2001 c ao g 000 0 spa a9589271219 (Obra completa)04aR 630.3bM67e1 aMoreno Fonseca, Liz Patricia10aEnciclopedia agropecuariacRedacción Liz Patricia Moreno Fonseca [y otros] aSegunda edición a7 volúmenesbilustraciones, fotografías y tablas a colorc27 cme2 disquetes aContenido : volumen 1. Agricultura ecológica. -- volumen 2. Economía, administración y mercadeo agropecuarios. -- volumen 3. Ingeniería y agroindustria. -- volumen 4. Producción agrícola 1. -- volumen 5. Producción agrícola 2. -- volumen 6. Producción pecuaria. -- volumen 7. Vida, recursos naturales y ecología142LEMBaAgronomíavEnciclopedias142LEMBaIngeniería agrícolavEnciclopedias142LEMBaIndustrias agropecuariasvEnciclopedias142LEMBaAgriculturavEnciclopedias142LEMBaAdministración agrícola aAgricultura ecológicaaEconomía, administración y mercadeo agropecuariosaIngeniería y agroindustriaaProducción agrícola, 1aProducción agrícola, 2aProducción pecuaria aBogotábTerranovac2001 atextobtxt2rdacontent asin mediaciónbn2rdamedia avolumenbnc2rdacarrier aCO-BoRNBPbspaerdacCO-BoRNBP